000 00882nam a22002657a 4500
001 BR9210902
003 BR-BrBNA
005 20230928093743.0
007 ta
008 230509b bl.||||| |||| 00| 0 por d
040 _aBR-BrBNA
_bpor
_cBiblioteca Nacional de Agricultura
041 _a(Por)
072 _aE21; E70
_b0100
_b/G514
090 _ 0100 BR9210902
110 1 _aSecretaria de Coordenacao e Planejamento do Estado do Rio Grande do Sul, Porto Alegre (Brasil)
_98716
245 1 _aProgramas agroindustria e comercializacao Rio Grande do Sul. Comercializacao e industrializacao de graos e derivados
_bTermos de referencia
260 3 _aPorto Alegre, RS (Brasil):
_c1976.
300 _a37 p.
650 _aCereal
650 _aIndustria Agricola
650 _aComercializacao
650 _aRio Grande do Sul
909 _a202309
_bLucia
_c55
_dLucia Elande
942 _cBK
999 _c46903
_d46903